Synthesis, configuration and solvent-dependent conformation of 5-thiaprotoberberines

Elmentve itt :
Bibliográfiai részletek
Szerzők: Fodor Lajos
Szabó János
Bernáth Gábor
Sohár Pál
Testületi szerző: International symposium on medicinal chemistry (10.) (1988) (Budapest)
Dokumentumtípus: Cikk
Megjelent: 1988
Sorozat:Kolligátum
Kulcsszavak:Heterociklusos vegyületek - szintézis - előadáskivonat, Sztereokémia - előadáskivonat, Mágneses magrezonancia - színképelemzés - előadáskivonat
Online Access:http://misc.bibl.u-szeged.hu/27927
LEADER 00908nab a2200217 i 4500
001 misc27927
005 20191111110255.0
008 170919s1988 hu o 0|| zxx d
040 |a SZTE Miscellanea Repozitórium  |b hun 
041 |a zxx 
100 1 |a Fodor Lajos 
245 1 0 |a Synthesis, configuration and solvent-dependent conformation of 5-thiaprotoberberines  |h [elektronikus dokumentum] /  |c  Fodor Lajos 
260 |c 1988 
300 |a 182, [1] 
490 0 |a Kolligátum 
695 |a Heterociklusos vegyületek - szintézis - előadáskivonat, Sztereokémia - előadáskivonat, Mágneses magrezonancia - színképelemzés - előadáskivonat 
700 0 1 |a Szabó János  |e aut 
700 0 1 |a Bernáth Gábor  |e aut 
700 0 1 |a Sohár Pál  |e aut 
710 |a International symposium on medicinal chemistry (10.) (1988) (Budapest) 
856 4 0 |u http://misc.bibl.u-szeged.hu/27927/1/018_019_135-136.pdf  |z Dokumentum-elérés